=LDR 00000nam 2200000 4500 =001 INLIS000000000050742 =005 20170516074346 =035 ##$$a 0010-0517000395 =007 ta =008 170516###########################0###### =020 ##$$a 978 - 62 - 9212 - 88 - 4 =082 ##$$a 935 =084 ##$$a 935 KRI b =100 #$$a Kriwaczek, paul =245 1#$$a Babylon : $b Mesopotamia dan kelahiran peradaban /$c Paul Kriwaczek =250 ##$$a 1 =260 ##$$a Solo :$b Tiga Serangkai,$c 2013 =300 ##$$a xii, 532 hlm : $b ilus ; $c 21 cm =990 ##$$a 85138513 =990 ##$$a 85138513 =990 ##$$a 31701253 =990 ##$$a 02201708513 =990 ##$$a 31701254 =990 ##$$a 31701253